|
|
|
|
| LEADER |
00000nam a2200000 a 4500 |
| 001 |
vtls001137712 |
| 003 |
SK-MaSNL |
| 005 |
20260301002011.0 |
| 008 |
250414s1992 xr 0 cze |
| 020 |
|
|
|a 800426056X
|
| 035 |
|
|
|a SNK000080565
|
| 040 |
|
|
|a SNK
|b slo
|c SNK
|e AACR2
|
| 041 |
0 |
|
|a cze
|
| 044 |
|
|
|a xr
|c CZ
|
| 080 |
|
|
|a 339.162.4
|2 2001
|
| 080 |
|
|
|a 159.9(075.3)
|2 2001
|
| 100 |
1 |
|
|a Bedrnová, Eva,
|d 1946-
|4 aut
|9 109391
|
| 245 |
1 |
0 |
|a Psychologie prodeje pro střední odborná učiliště učební obor prodavač, prodavačka, obchodník, obchodnice
|c Eva Bedrnová, Olga Fridrichová
|
| 250 |
|
|
|a 1., vyd.
|
| 260 |
|
|
|a Praha
|b Státní pedagogické nakladatelství
|c 1992
|
| 300 |
|
|
|a 97, [2] s.
|c 20 cm
|
| 490 |
0 |
|
|a Učebnice pro střední školy
|
| 650 |
0 |
7 |
|a psychológia predaja
|2 SVKBBPH
|9 14374
|
| 655 |
|
7 |
|a učebnice stredných škôl
|2 SNKPH
|9 69323
|
| 700 |
1 |
|
|a Fridrichová, Olga
|4 aut
|9 281047
|
| 852 |
|
|
|a Slovenská národná knižnica
|
| 919 |
|
|
|a 80-04-26056-X
|
| 954 |
|
|
|a predaj
|a psychológia
|
| 999 |
|
|
|c 536300
|d 538230
|
| 952 |
|
|
|t P60, <04>, [BOOK], {604}
|a SNK
|b SNK
|y VYP
|7 0
|p 17A0059409
|o snkID 93885
|0 0
|1 0
|4 0
|d 1997-04-07
|l 0
|r 2005-01-01 00:00:00
|w 2026-02-23
|